| 000 | 00959cab a22002055a 4500 | ||
|---|---|---|---|
| 001 | L142946 | ||
| 008 | 080325e20080313xxk f 000 0 eng d | ||
| 035 | _a(Sirsi) u142946 | ||
| 041 | 0 | _aeng | |
| 110 | 2 |
_aEmap Glenigan _94719 |
|
| 245 | 0 | 0 |
_aYorkshire and Humber _bproject watch _bhigh energy |
| 260 | _c2008 | ||
| 490 | 0 |
_aNew Civil Engineer _v13 March 2008, 34-35(2) |
|
| 520 | _aResearch from Emap Glenigan reveals that Yorkshire and the Humber's largest clients and projects are dominated by green energy schemes. Discusses the region's commitment to green energy and highlights key developments in this area. Also provides information about the top 20 clients in the region, the top 20 construction projects awarded in the last 12 months, and the top 20 projects to be awarded. | ||
| 590 | _aKA | ||
| 651 | 4 |
_aYorkshire _y1888- |
|
| 690 | _aENVIRONMENTAL AND LAND CONSULTANCY-ENERGY-RENEWABLE ENERGY | ||
| 690 | _aBUILT ENVIRONMENT | ||
| 942 | _n0 | ||
| 999 |
_c79983 _d79983 |
||